Geotechnical Engineering State of the Art and Practice : Keynote Lectures from GeoCongress 2012 /

Bibliographic Details
Other Authors: Rollins, Kyle, Zekkos, Dimitrios
Format: eBook
Published: Reston, VA : American Society of Civil Engineers, 2012.
Series:Geotechnical Special Publications.
Subjects:
Online Access:Connect to the full text of this electronic book

MARC

Tag First Indicator Second Indicator Subfields
LEADER 00000cam a22000005u 4500
001 in00002787534
005 20190331170718.0
006 m o d
007 cr nn 008mam|a
008 120529t2012 gw fo || 0 0 |||||
020 |a 9780784412138 
035 |a (American Society of Civil Eng)10.1061/9780784412138 
040 |d UtOrBLW 
245 0 0 |a Geotechnical Engineering State of the Art and Practice :  |b Keynote Lectures from GeoCongress 2012 /  |c Edited by Kyle Rollins, Dimitrios Zekkos. 
264 1 |a Reston, VA :  |b American Society of Civil Engineers,  |c 2012. 
300 |a 1 online resource. 
336 |a text  |b txt  |2 rdacontent 
337 |a computer  |b c  |2 rdamedia 
338 |a online resource  |b cr  |2 rdacarrier 
490 1 |a Geotechnical Special Publications 
500 |a Electronic resource. 
653 |a Proceedings  |a Geotechnics  |a Slopes  |a Soil and rock mechanics  |a Site investigation and analysis  |a Available in Print 
655 7 |a Electronic books.  |2 local 
700 1 |a Rollins, Kyle. 
700 1 |a Zekkos, Dimitrios. 
730 0 |a ASCE Library. 
830 0 |a Geotechnical Special Publications. 
856 4 0 |u http://proxy.library.tamu.edu/login?url=http://ascelibrary.org/action/showBook?doi=10.1061%2F9780784412138  |z Connect to the full text of this electronic book  |t 0 
999 |a MARS 
999 f f |s 503432a8-91e0-3e55-bf4c-f33af2ea2594  |i bc70560c-4431-34f2-842a-1221950439e5  |t 0 
952 f f |a Texas A&M University  |b College Station  |c Electronic Resources  |d Available Online  |t 0  |h No information provided 
998 f f |t 0  |l Available Online